000 01218cam a22003017a 4500
003 CHAP
005 20220329143324.0
008 080724d2006 mx rs o00110 spa d
010 _a94965
011 _a95937
020 _a9789701349960
035 _a106572
040 _cCHAP
082 0 4 _a362.8292
_bI58 2006
110 2 _aInstituto Nacional de Estadística, Geografía e Informática. México
_959304
245 1 0 _aEncuesta nacional sobre la dinámica de las relaciones en los hogares 2006 ENDIREH :
_btabulados básicos Estados Unidos Mexicanos
_c/por Instituto Nacional de Estadística, Geografía e Informática
260 _aAguascalientes, Ags. :
_bInstituto Nacional de Estadística, Geografía e Informática,
_cc2008
300 _a214 p. :
_bgráfs.
590 _aBATCH-UPD
_b10
_c20130110
_lUCH01
_h1014
590 _aBATCH-UPD
_b10
_c20130410
_lUCH01
_h0621
590 _aBATCH-UPD
_b10
_c20130914
_lUCH01
_h1833
590 _aCONVERSION
_b10
_c20130109
_lUCH01
_h1352
650 1 4 _aMujer
_xSituación legal
_zMéxico.
_979328
650 1 4 _aViolencia
_xEstadísticas.
_9119892
901 _aBK
942 _cLIBRO
949 _a362.8292 I58 2006
_bBC
_cINEGI
_d33724002065991
_eINEGI
_gDonaciØn
_h109610
_i106572
_sb
999 _c94965
_d94965